| 000 | 00538nam a2200193Ia 4500 | ||
|---|---|---|---|
| 003 | GCL | ||
| 008 | 140319s9999 xx 000 0 ara d | ||
| 040 |
_aGCL / _cGCL |
||
| 082 | 0 | 4 |
_a891.7 _bغ ا |
| 100 | 1 | _aعبدالرحيم بدر | |
| 245 | 1 | 0 |
_aالانقس الميتة: رواية / _cعبدالرحيم بدر |
| 700 | 1 | _aغوغول، نيقولاى | |
| 260 |
_a[S.N] : _bدار رادوغا ، _c1989 |
||
| 300 | _a431 ص | ||
| 490 | _a | ||
| 650 | 0 | 4 | _aالادب الروسى |
| 650 | 0 | 4 | _aالقصص |
| 942 |
_2ddc _cBK |
||
| 999 |
_c35099 _d35099 |
||